[Event "Toronto Candidates Blitz op"]
[Site "Toronto"]
[Date "2024.04.08"]
[Round "2"]
[White "Clyde, Jordan"]
[Black "Mamedyarov, Shakhriyar"]
[Result "0-1"]
[WhiteElo "2085"]
[BlackElo "2733"]
[PlyCount "62"]
[EventDate "2024.04.08"]
[EventType "swiss (blitz)"]
[EventRounds "9"]
[EventCountry "CAN"]
[SourceTitle "CB16_2024"]
[SourceDate "2024.04.17"]
[SourceVersion "1"]
[SourceVersionDate "2024.04.17"]
[SourceQuality "1"]

1. e4 d5 2. exd5 Qxd5 3. Qf3 Qd8 4. Bc4 Nf6 5. h3 Nc6 6. Bb5 Bd7 7. Ne2 a6 8. Ba4 e5 9. 0-0 Bd6 10. d3 h6 11. Nbc3 0-0 12. Ne4 Nxe4 13. dxe4 Kh7 14. Bxc6 Bxc6 15. Ng3 g6 16. Qe3 Qh4 17. c4 b6 18. Qe2 f5 19. exf5 gxf5 20. c5 bxc5 21. Qh5 Qxh5 22. Nxh5 f4 23. g4 Be8 24. f3 Bxh5 25. gxh5 Rg8+ 26. Kf2 Rg3 27. Rh1 Rag8 28. Rh2 c4 29. Bd2 Bc5+ 30. Ke2 Rg2+ 31. Rxg2 Rxg2+ 0-1

[Event "Canadian zt"]
[Site "Toronto"]
[Date "2024.04.01"]
[Round "9"]
[White "Clyde, Jordan"]
[Black "Yuen, Noah Nathaniel"]
[Result "0-1"]
[WhiteElo "2085"]
[BlackElo "1914"]
[PlyCount "144"]
[EventDate "2024.03.27"]
[EventType "team-swiss"]
[EventRounds "10"]
[EventCountry "CAN"]
[SourceTitle "CB15_2024"]
[SourceDate "2024.04.10"]
[SourceVersion "1"]
[SourceVersionDate "2024.04.10"]
[SourceQuality "1"]

1. e4 c5 2. Nc3 a6 3. g3 b5 4. Bg2 Bb7 5. d3 e6 6. Nf3 Nf6 7. 0-0 d5 8. exd5 Nxd5 9. Ne4 Be7 10. Ne5 Qc7 11. f4 0-0 12. Re1 Nd7 13. Nf3 Rac8 14. Bd2 Rfd8 15. Qe2 h6 16. Kh1 c4 17. d4 N7f6 18. Nxf6+ Bxf6 19. c3 b4 20. Rf1 bxc3 21. bxc3 Qa5 22. g4 g6 23. Ne5 Qc7 24. g5 Bxe5 25. fxe5 Ne7 26. gxh6 Nf5 27. Bg5 Rf8 28. d5 Kh7 29. d6 Bxg2+ 30. Qxg2 Qd7 31. Rf4 Rc5 32. Qe2 Nxd6 33. Rd1 Qc6+ 34. Qf3 Qxf3+ 35. Rxf3 Nf5 36. Bf6 Rd5 37. Rb1 Rd2 38. a4 Ra2 39. Rb4 a5 40. Rb7 Rxa4 41. Kg1 Ra1+ 42. Kg2 Ra2+ 43. Rf2 Ne3+ 44. Kf3 Rxf2+ 45. Kxf2 Ng4+ 46. Kg3 Nxf6 47. exf6 Kxh6 48. Kg4 g5 49. Ra7 Kg6 50. Rxa5 Kxf6 51. Rxg5 e5 52. h4 Ke6 53. h5 f5+ 54. Kf3 Rf6 55. Rg8 Rh6 56. Re8+ Kf6 57. Rc8 Rxh5 58. Rxc4 Rh3+ 59. Kg2 Rd3 60. Rc8 Kg5 61. c4 Rc3 62. c5 Kf4 63. c6 Rc2+ 64. Kg1 Kg3 65. Kf1 Kf3 66. Ke1 e4 67. Kd1 Rc5 68. c7 f4 69. Kd2 e3+ 70. Kd3 e2 71. Re8 Rxc7 72. Re3+ fxe3 0-1

[Event "Canadian zt"]
[Site "Toronto"]
[Date "2024.03.31"]
[Round "7"]
[White "Clyde, Jordan"]
[Black "Latorre, Vincent"]
[Result "0-1"]
[WhiteElo "2085"]
[BlackElo "2181"]
[PlyCount "94"]
[EventDate "2024.03.27"]
[EventType "team-swiss"]
[EventRounds "10"]
[EventCountry "CAN"]
[SourceTitle "CB15_2024"]
[SourceDate "2024.04.10"]
[SourceVersion "1"]
[SourceVersionDate "2024.04.10"]
[SourceQuality "1"]

1. e4 c6 2. f4 d5 3. e5 c5 4. Nf3 Nc6 5. Nc3 h5 6. Be2 Nh6 7. Ng5 Bg4 8. e6 f6 9. Bxg4 hxg4 10. Nf7 Nxf7 11. exf7+ Kxf7 12. Qxg4 d4 13. Ne4 Qd5 14. Qf3 e6 15. 0-0 d3 16. c3 c4 17. b3 Be7 18. Qe3 b5 19. a4 a5 20. Re1 Bd6 21. Qf3 Bc7 22. Kh1 Ne7 23. g4 Ng6 24. f5 Ne5 25. Qg2 Ke7 26. g5 exf5 27. Ng3 Qxg2+ 28. Kxg2 g6 29. gxf6+ Kxf6 30. h3 Nf7 31. Nf1 f4 32. Nh2 Ne5 33. Rh1 Kf5 34. Bb2 g5 35. Rae1 Rae8 36. Rhf1 Re6 37. Bc1 Reh6 38. Nf3 Rxh3 39. Nd4+ Kg6 40. Rg1 Rg3+ 41. Kf2 Rxg1 42. Kxg1 g4 43. Kg2 g3 44. Re4 Rh2+ 45. Kg1 Rf2 46. Kh1 Bb6 47. axb5 Rh2+ 0-1

[Event "Canadian zt"]
[Site "Toronto"]
[Date "2024.03.29"]
[Round "4"]
[White "Xu, Daniel"]
[Black "Clyde, Jordan"]
[Result "1-0"]
[WhiteElo "2212"]
[BlackElo "2085"]
[PlyCount "79"]
[EventDate "2024.03.27"]
[EventType "team-swiss"]
[EventRounds "10"]
[EventCountry "CAN"]
[SourceTitle "CB15_2024"]
[SourceDate "2024.04.10"]
[SourceVersion "1"]
[SourceVersionDate "2024.04.10"]
[SourceQuality "1"]

1. e4 d6 2. d4 e5 3. Nf3 exd4 4. Nxd4 g6 5. Nc3 Bg7 6. Be2 Ne7 7. h4 d5 8. exd5 Nxd5 9. Bg5 Nxc3 10. bxc3 Qd7 11. Bb5 c6 12. Qe2+ Kf8 13. 0-0-0 h6 14. Nxc6 Nxc6 15. Rxd7 Bxd7 16. Bf4 Be6 17. Bc4 Re8 18. Bxe6 Rxe6 19. Qd2 Ke7 20. Re1 Ne5 21. Rd1 Bf6 22. Qd5 Nc6 23. Qd7+ Kf8 24. Qxb7 Kg7 25. Rd6 Nd8 26. Qxa7 g5 27. Rxe6 Nxe6 28. Bd2 Rc8 29. hxg5 hxg5 30. Qb7 Rc7 31. Qb4 Be7 32. Qe4 Ra7 33. Qd5 Bf6 34. Be3 Ra4 35. Qb3 Ra8 36. Bd4 Nxd4 37. cxd4 Bxd4 38. Qd5 Ra4 39. Qxg5+ Kf8 40. Qb5 1-0

[Event "Canadian zt"]
[Site "Toronto"]
[Date "2024.03.28"]
[Round "3"]
[White "Clyde, Jordan"]
[Black "Wiebe, Isaac"]
[Result "1-0"]
[WhiteElo "2085"]
[BlackElo "1981"]
[PlyCount "75"]
[EventDate "2024.03.27"]
[EventType "team-swiss"]
[EventRounds "10"]
[EventCountry "CAN"]
[SourceTitle "CB15_2024"]
[SourceDate "2024.04.10"]
[SourceVersion "1"]
[SourceVersionDate "2024.04.10"]
[SourceQuality "1"]

1. d3 e5 2. g3 d5 3. c3 Nf6 4. Bg2 Bd6 5. Nf3 0-0 6. 0-0 c6 7. b4 h6 8. Nbd2 Bg4 9. Qc2 Nbd7 10. Bb2 Re8 11. e4 Qc7 12. Nh4 Bf8 13. Nf5 g6 14. Ne3 Be6 15. a3 Rad8 16. Kh1 Bd6 17. c4 d4 18. c5 Bf8 19. Nec4 b5 20. cxb6 axb6 21. f4 c5 22. b5 exf4 23. gxf4 Nh5 24. f5 Bxc4 25. Nxc4 g5 26. Bf3 Nf4 27. Bc1 Be7 28. Bd1 Bf6 29. Bxf4 gxf4 30. Qf2 Be5 31. a4 Ra8 32. Bb3 Kf8 33. Qh4 Bf6 34. Qh5 Ne5 35. Nxe5 Bxe5 36. f6 Bxf6 37. Rxf4 Qe7 38. Raf1 1-0

[Event "Montreal Pere Noel op"]
[Site "Montreal"]
[Date "2023.12.28"]
[Round "2"]
[White "Clyde, Jordan"]
[Black "Chouchane, Amine"]
[Result "1-0"]
[WhiteElo "2109"]
[BlackElo "1954"]
[PlyCount "93"]
[EventDate "2023.12.27"]
[EventType "swiss"]
[EventRounds "5"]
[EventCountry "CAN"]
[SourceTitle "CB02_2024"]
[SourceDate "2024.01.10"]
[SourceVersion "1"]
[SourceVersionDate "2024.01.10"]
[SourceQuality "1"]

1. d3 d5 2. g3 Nf6 3. Bg2 e6 4. c3 c5 5. e4 Nc6 6. Nh3 dxe4 7. dxe4 Qxd1+ 8. Kxd1 b6 9. f4 Ba6 10. Nf2 0-0-0+ 11. Nd2 h5 12. Bf3 e5 13. Be2 Bb7 14. Kc2 h4 15. Bf3 Ba6 16. b3 Bd6 17. Nc4 Bxc4 18. bxc4 Na5 19. Ng4 Nxg4 20. Bxg4+ Kc7 21. fxe5 Bxe5 22. gxh4 Rd6 23. Rf1 f6 24. h5 Bxh2 25. Rf2 Be5 26. Be2 Rd7 27. Rg2 Re7 28. Bd2 Bd6 29. Rag1 Rh7 30. Rg6 Nc6 31. h6 gxh6 32. Rxf6 h5 33. Rgg6 Ne5 34. Rxd6 Nxg6 35. Rxg6 h4 36. Bf4+ Kb7 37. Kd3 h3 38. Bh2 Ref7 39. Ke3 Rh8 40. e5 Re7 41. e6 Rhe8 42. Bf3+ Ka6 43. Bd5 Rh7 44. Bc6 Ree7 45. Bd6 Reg7 46. Rxg7 Rxg7 47. e7 1-0

[Event "Toronto Excelsior IM 06"]
[Site "Toronto"]
[Date "2023.06.17"]
[Round "9"]
[White "Nagy, Gabor"]
[Black "Clyde, Jordan"]
[Result "1/2-1/2"]
[WhiteElo "2468"]
[BlackElo "2096"]
[PlyCount "73"]
[EventDate "2023.06.13"]
[EventType "tourn"]
[EventRounds "9"]
[EventCountry "CAN"]
[SourceTitle "CBM 215 Extra"]
[Source "ChessBase"]
[SourceDate "2023.09.30"]
[SourceVersion "1"]
[SourceVersionDate "2023.09.30"]
[SourceQuality "1"]

1. d4 Nf6 2. Nf3 b6 3. g3 Bb7 4. Bg2 e6 5. c4 Bb4+ 6. Nbd2 Ne4 7. 0-0 Nxd2 8. Bxd2 Bxd2 9. Qxd2 d6 10. Qc2 Nd7 11. b4 Qe7 12. c5 bxc5 13. dxc5 dxc5 14. bxc5 Bc6 15. Rfd1 Rd8 16. Rac1 e5 17. Nh4 Bxg2 18. Nf5 Qf6 19. Kxg2 Qc6+ 20. e4 g6 21. Ne3 0-0 22. Nd5 Kg7 23. Nb4 Qb5 24. Qc3 Nf6 25. Nd5 Qa4 26. Qxe5 Qxe4+ 27. Qxe4 Nxe4 28. c6 Rd6 29. Nxc7 Rxd1 30. Rxd1 Rc8 31. Rd7 Nc5 32. Re7 a6 33. Re5 Nd3 34. Ne8+ Kf8 35. Re3 Rxc6 36. Rxd3 Kxe8 37. h4 1/2-1/2

[Event "Toronto Excelsior IM 06"]
[Site "Toronto"]
[Date "2023.06.16"]
[Round "8"]
[White "Clyde, Jordan"]
[Black "Keleberda, Timur"]
[Result "0-1"]
[WhiteElo "2096"]
[BlackElo "2268"]
[PlyCount "104"]
[EventDate "2023.06.13"]
[EventType "tourn"]
[EventRounds "9"]
[EventCountry "CAN"]
[SourceTitle "CBM 215 Extra"]
[Source "ChessBase"]
[SourceDate "2023.09.30"]
[SourceVersion "1"]
[SourceVersionDate "2023.09.30"]
[SourceQuality "1"]

1. e4 g6 2. Nc3 Bg7 3. h4 h5 4. Nh3 c6 5. d4 d5 6. exd5 cxd5 7. Bf4 Bxh3 8. Rxh3 Nc6 9. Nb5 Rc8 10. Re3 Kf8 11. c3 a6 12. Na3 e6 13. Qb3 Qe7 14. Nc2 Bh6 15. Bg5 Bxg5 16. hxg5 Qc7 17. g3 Nge7 18. Qa3 Kg7 19. Bh3 h4 20. g4 Qf4 21. 0-0-0 Qxg5 22. Qd6 Qf6 23. Rdd3 Rhd8 24. Qh2 g5 25. Rf3 Qh6 26. Bf1 Ng6 27. Rd1 Nf4 28. Ne1 e5 29. dxe5 Nxe5 30. Rxf4 gxf4 31. Rd4 Re8 32. Kd1 Qe6 33. Qxf4 Nc6 34. Qg5+ Kf8 35. Nf3 Nxd4 36. Nxd4 Qe1+ 37. Kc2 Qxf2+ 38. Kb3 Re1 39. Qh6+ Ke8 40. Bd3 Rc6 41. Nxc6 Qb6+ 42. Kc2 Qxc6 43. Qh8+ Kd7 44. Kd2 Rh1 45. Qg7 Ke7 46. Qg5+ Qf6 47. Qe3+ Kd8 48. Bf5 Rh2+ 49. Kd3 Qd6 50. Qg5+ Kc7 51. Qg7 Qg3+ 52. Kd4 Rd2+ 0-1

[Event "Toronto Excelsior IM 06"]
[Site "Toronto"]
[Date "2023.06.14"]
[Round "3"]
[White "Noritsyn, Nikolay"]
[Black "Clyde, Jordan"]
[Result "1-0"]
[WhiteElo "2462"]
[BlackElo "2096"]
[PlyCount "54"]
[EventDate "2023.06.13"]
[EventType "tourn"]
[EventRounds "9"]
[EventCountry "CAN"]
[SourceTitle "CBM 215 Extra"]
[Source "ChessBase"]
[SourceDate "2023.09.30"]
[SourceVersion "1"]
[SourceVersionDate "2023.09.30"]
[SourceQuality "1"]

1. e4 d6 2. d4 Nf6 3. Nc3 c6 4. f4 Qa5 5. Bd3 e5 6. Nf3 Bg4 7. Be3 exd4 8. Bxd4 Qb4 9. Bxf6 gxf6 10. Rb1 Qc5 11. Be2 Bh6 12. Nd4 Bxe2 13. Ncxe2 Rg8 14. 0-0 Nd7 15. Qd3 Bf8 16. b4 Qb6 17. Kh1 0-0-0 18. Qc4 d5 19. exd5 c5 20. a4 Re8 21. Ng3 Qa6 22. Nb5 Nb6 23. Qd3 cxb4 24. d6 Rd8 25. Ne4 Qa5 26. Nc5 Kb8 27. Qe4 Bh6 1-0

[Event "CAN-ch"]
[Site "Toronto"]
[Date "2023.04.10"]
[Round "8"]
[White "Zhu, Matthew"]
[Black "Clyde, Jordan"]
[Result "0-1"]
[WhiteElo "1850"]
[BlackElo "2117"]
[PlyCount "52"]
[EventDate "2023.04.06"]
[EventType "swiss"]
[EventRounds "9"]
[EventCountry "CAN"]
[SourceTitle "CBM 213 Extra"]
[Source "ChessBase"]
[SourceDate "2023.05.31"]
[SourceVersion "1"]
[SourceVersionDate "2023.05.31"]
[SourceQuality "1"]

1. e4 Nf6 2. e5 Ng8 3. d4 d5 4. Bd3 c5 5. c3 Nc6 6. Ne2 Bd7 7. Nd2 cxd4 8. cxd4 Qb6 9. 0-0 Nb4 10. Bb1 Bb5 11. Nf3 e6 12. Re1 Bxe2 13. Rxe2 Nc6 14. a3 Nge7 15. Bg5 h6 16. Bxe7 Bxe7 17. Ba2 0-0-0 18. b4 Kb8 19. Rb1 Rc8 20. Rc2 g5 21. b5 Na5 22. Rxc8+ Rxc8 23. Qd3 Qc7 24. Bb3 Qc3 25. Qd1 Nxb3 26. Rxb3 Qxb3 0-1

[Event "CAN-ch"]
[Site "Toronto"]
[Date "2023.04.07"]
[Round "2"]
[White "Latreille, Etienne"]
[Black "Clyde, Jordan"]
[Result "1/2-1/2"]
[WhiteElo "1814"]
[BlackElo "2117"]
[PlyCount "43"]
[EventDate "2023.04.06"]
[EventType "swiss"]
[EventRounds "9"]
[EventCountry "CAN"]
[SourceTitle "CBM 213 Extra"]
[Source "ChessBase"]
[SourceDate "2023.05.31"]
[SourceVersion "1"]
[SourceVersionDate "2023.05.31"]
[SourceQuality "1"]

1. e4 d6 2. d4 Nf6 3. Nc3 c6 4. f4 Qa5 5. e5 Ne4 6. Bd2 Nxd2 7. Qxd2 dxe5 8. fxe5 Bf5 9. Bd3 Bxd3 10. Qxd3 e6 11. Nge2 Be7 12. 0-0 Nd7 13. Qg3 0-0 14. Nf4 Qb6 15. Rad1 Kh8 16. Kh1 Rg8 17. Rd3 Qxb2 18. Rb1 Qxc2 19. Qe1 b5 20. Rc1 Qb2 21. Rb1 Qc2 22. Rc1 1/2-1/2

[Event "Montreal Pere Noel op"]
[Site "Montreal"]
[Date "2022.12.27"]
[Round "2"]
[White "Kot, Emanuel"]
[Black "Clyde, Jordan"]
[Result "1/2-1/2"]
[WhiteElo "1955"]
[BlackElo "2114"]
[PlyCount "142"]
[EventDate "2022.12.27"]
[EventType "swiss"]
[EventRounds "5"]
[EventCountry "CAN"]
[SourceTitle "CBM 211 Extra"]
[Source "ChessBase"]
[SourceDate "2023.01.31"]
[SourceVersion "1"]
[SourceVersionDate "2023.01.31"]
[SourceQuality "1"]

1. e4 Nf6 2. e5 Nd5 3. d4 d6 4. c4 Nb6 5. exd6 exd6 6. Nc3 Nc6 7. Be3 Be7 8. Bd3 Bg5 9. Qd2 Qe7 10. Nge2 Bxe3 11. Qxe3 Nb4 12. Qd2 0-0 13. 0-0 c6 14. Rae1 d5 15. c5 Nxd3 16. Qxd3 Nd7 17. Ng3 Qf6 18. b4 b6 19. b5 g6 20. cxb6 Nxb6 21. bxc6 Qxc6 22. Rc1 Nc4 23. Rfe1 Ba6 24. Qf3 Nb6 25. Qg4 Qd7 26. h4 Rad8 27. h5 Qd6 28. Qh4 Rde8 29. Qg5 Qd8 30. Qf4 Re7 31. Kh2 Rfe8 32. Re3 Rxe3 33. fxe3 Qe7 34. e4 dxe4 35. Ngxe4 f5 36. Nc5 Bc4 37. Kg1 Qe3+ 38. Qxe3 Rxe3 39. Kf2 Re8 40. hxg6 hxg6 41. a3 Rd8 42. Rd1 Kf7 43. Nb7 Rb8 44. Nc5 Nc8 45. Rb1 Rxb1 46. Nxb1 Ke7 47. Nc3 Kd6 48. Ke3 Ne7 49. Nb7+ Kc7 50. Nc5 Kc6 51. g3 g5 52. N5a4 Nc8 53. Kf3 Bd5+ 54. Ke3 Nd6 55. Nb2 Bc4 56. Nca4 a5 57. Nc3 Bd5 58. Kf2 Be4 59. Ke3 Bd5 60. Kf2 Be4 61. Ke3 Bd5 62. Kf2 Ne4+ 63. Nxe4 Bxe4 64. Nc4 Bd5 65. Nb2 Bb3 66. Ke2 Kd5 67. Ke3 f4+ 68. gxf4 gxf4+ 69. Kd3 f3 70. Ke3 f2 71. Kxf2 Kxd4 1/2-1/2

[Event "Quebec-ch"]
[Site "Montreal"]
[Date "2021.11.25"]
[Round "1.2"]
[White "Clyde, Jordan"]
[Black "Chiku Ratte, Olivier Kenta"]
[Result "0-1"]
[WhiteElo "2088"]
[BlackElo "2377"]
[PlyCount "64"]
[EventDate "2021.11.25"]
[EventType "k.o."]
[EventRounds "3"]
[EventCountry "CAN"]
[SourceTitle "EXT 2023"]
[Source "ChessBase"]
[SourceDate "2022.10.05"]
[SourceVersion "1"]
[SourceVersionDate "2022.10.05"]
[SourceQuality "1"]

1. c4 Nf6 2. Nc3 d6 3. d4 g6 4. e4 Bg7 5. f3 c6 6. Be3 a6 7. a4 Qa5 8. Qd2 0-0 9. Bd3 c5 10. dxc5 dxc5 11. e5 Nfd7 12. f4 Rd8 13. Nd5 Qxd2+ 14. Bxd2 Nc6 15. Be4 e6 16. Nc7 Rb8 17. Nxa6 bxa6 18. Bxc6 Nb6 19. b3 Rd3 20. a5 Nd7 21. Ba4 f6 22. Ke2 Rd4 23. Nf3 fxe5 24. Nxd4 exd4 25. Rhe1 Kf7 26. Rab1 e5 27. Kf1 g5 28. fxe5 Nxe5 29. Bxg5 Bf5 30. Rbd1 Bc2 31. Rd2 Bxb3 32. Rb1 Bxc4+ 0-1

[Event "Oakville Elevate My Chess 02"]
[Site "Oakville"]
[Date "2020.02.22"]
[Round "6"]
[White "Clyde, Jordan"]
[Black "Zhou, Liran"]
[Result "0-1"]
[WhiteElo "2165"]
[BlackElo "2307"]
[PlyCount "154"]
[EventDate "2020.02.19"]
[EventType "tourn"]
[EventRounds "9"]
[EventCountry "CAN"]
[EventCategory "3"]
[SourceTitle "CBM 195 Extra"]
[Source "ChessBase"]
[SourceDate "2020.05.31"]
[SourceVersion "1"]
[SourceVersionDate "2020.05.31"]
[SourceQuality "1"]

1. e4 c5 2. Nf3 d6 3. Bb5+ Nd7 4. 0-0 a6 5. Bd3 Ngf6 6. Re1 g6 7. a4 b6 8. Bc4 Bb7 9. Nc3 Bg7 10. d3 0-0 11. h3 e6 12. Bg5 Qc7 13. Qe2 d5 14. Ba2 d4 15. Nb1 e5 16. Nh4 b5 17. Nd2 Kh8 18. Rf1 Nh5 19. Nf5 f6 20. Bh6 Bxh6 21. Nxh6 Nf4 22. Qg4 Bc8 23. Qf3 Kg7 24. Ng4 Nb6 25. a5 Na4 26. Bb3 Nxb2 27. Rfb1 c4 28. Rxb2 c3 29. Rbb1 cxd2 30. g3 Nxh3+ 31. Kg2 Ng5 32. Qe2 Qd7 33. Nh2 Qh3+ 34. Kg1 h5 35. Qf1 Bg4 36. Qxh3 Nxh3+ 37. Kg2 d1Q 38. Rxd1 Bxd1 39. Kxh3 Bg4+ 40. Nxg4 hxg4+ 41. Kxg4 f5+ 42. exf5 Rxf5 43. Re1 Kf6 44. f4 Re8 45. Re4 Rd8 46. Re1 Rd6 47. Rf1 exf4 48. gxf4 Rc6 49. Rh1 Rh5 50. Re1 Rhc5 51. Re8 b4 52. Rb8 Rxa5 53. Rb7 g5 54. Rxb4 Rd6 55. Rb7 gxf4 56. Kxf4 Rc5 57. Rb4 a5 58. Ra4 Rf5+ 59. Ke4 Kg5 60. Ra1 Kf6 61. Rh1 Re5+ 62. Kf4 Rc5 63. Rh6+ Ke7 64. Rxd6 Kxd6 65. Ke4 a4 66. Bxa4 Rh5 67. Bb3 Kc5 68. Kf4 Rh1 69. Kf3 Re1 70. Kf2 Re5 71. Kf3 Kb4 72. Kf2 Kc3 73. Kf3 Re3+ 74. Kf4 Re2 75. Kf3 Rxc2 76. Bc4 Rd2 77. Ke4 Re2+ 0-1

[Event "Oakville Elevate My Chess 02"]
[Site "Oakville"]
[Date "2020.02.21"]
[Round "4"]
[White "Lund, Silas Esben"]
[Black "Clyde, Jordan"]
[Result "1-0"]
[WhiteElo "2340"]
[BlackElo "2165"]
[PlyCount "45"]
[EventDate "2020.02.19"]
[EventType "tourn"]
[EventRounds "9"]
[EventCountry "CAN"]
[EventCategory "3"]
[SourceTitle "CBM 195 Extra"]
[Source "ChessBase"]
[SourceDate "2020.05.31"]
[SourceVersion "1"]
[SourceVersionDate "2020.05.31"]
[SourceQuality "1"]

1. d4 f5 2. g3 Nf6 3. Bg2 e6 4. c4 Be7 5. Nf3 0-0 6. 0-0 d6 7. b3 Nbd7 8. Bb2 Ne4 9. Qc2 Qe8 10. Ne1 Qg6 11. Nd3 Bg5 12. e3 Qh6 13. Nd2 Nxd2 14. Qxd2 Re8 15. Rae1 Bf6 16. f4 g6 17. e4 fxe4 18. Rxe4 Nf8 19. g4 g5 20. f5 Be7 21. fxe6 Bxe6 22. d5 Bd7 23. Qf2 1-0

[Event "Montreal Noel op"]
[Site "Montreal"]
[Date "2018.12.27"]
[Round "2"]
[White "Zheng, Richard"]
[Black "Clyde, Jordan"]
[Result "1/2-1/2"]
[WhiteElo "1945"]
[BlackElo "2165"]
[PlyCount "37"]
[EventDate "2018.12.26"]
[EventType "swiss"]
[EventRounds "5"]
[EventCountry "CAN"]
[SourceTitle "CBM 188 Extra"]
[Source "ChessBase"]
[SourceDate "2019.02.26"]
[SourceVersion "1"]
[SourceVersionDate "2019.02.26"]
[SourceQuality "1"]

1. e4 Nf6 2. e5 Nd5 3. c4 Nb6 4. d4 d6 5. exd6 exd6 6. Nc3 Nc6 7. Be3 Bf5 8. Nf3 Be7 9. d5 Ne5 10. Nxe5 dxe5 11. c5 Nd7 12. d6 cxd6 13. cxd6 Bg5 14. Qd2 Bxe3 15. fxe3 Qb6 16. Bc4 0-0 17. 0-0 Be6 18. Bxe6 fxe6 19. Ne4 1/2-1/2

[Event "CAN-ch"]
[Site "Montreal"]
[Date "2017.07.01"]
[Round "9"]
[White "Huang, Qiuyu"]
[Black "Clyde, Jordan"]
[Result "1/2-1/2"]
[WhiteElo "2083"]
[BlackElo "2121"]
[PlyCount "130"]
[EventDate "2017.06.27"]
[EventType "swiss"]
[EventRounds "9"]
[EventCountry "CAN"]
[SourceTitle "CBM 179 Extra"]
[Source "ChessBase"]
[SourceDate "2017.08.23"]
[SourceVersion "1"]
[SourceVersionDate "2017.08.23"]
[SourceQuality "1"]

1. e4 Nf6 2. e5 Nd5 3. d4 d6 4. Nf3 dxe5 5. Nxe5 c6 6. Be2 Nd7 7. Nf3 N7f6 8. c4 Nc7 9. Nc3 Bg4 10. h3 Bxf3 11. Bxf3 e6 12. Bf4 Bd6 13. Qd2 a5 14. 0-0 0-0 15. Rad1 Bxf4 16. Qxf4 Qe7 17. Rfe1 Rac8 18. a3 Rfd8 19. Qe5 Ra8 20. d5 cxd5 21. Nxd5 Nfxd5 22. cxd5 Rd6 23. dxe6 Rxe6 24. Qc3 Rxe1+ 25. Rxe1 Ne6 26. Bd5 Qc7 27. Qxc7 Nxc7 28. Bxb7 Rb8 29. Bf3 Kf8 30. Re5 Nb5 31. Rd5 Ke7 32. Bg4 Rb7 33. Bf3 Rb6 34. a4 Nc7 35. Rxa5 Rxb2 36. Re5+ Kd6 37. Re2 Rxe2 38. Bxe2 Kc5 39. Kh2 Kb4 40. Bd1 Nd5 41. Kg3 Nc3 42. Bc2 Nxa4 43. Kf4 Nb6 44. Bxh7 Nc4 45. Bg8 Nd6 46. Ke5 Kc5 47. Bh7 Nc4+ 48. Kf4 Kd6 49. Bc2 Ke7 50. h4 Nb6 51. g4 Nd7 52. h5 f6 53. Kf5 Nf8 54. Bb3 Nd7 55. Kg6 Kf8 56. f4 Nc5 57. Bc4 Ne4 58. g5 fxg5 59. fxg5 Nd6 60. Be6 Ke7 61. Bd5 Ne8 62. Bc6 Nc7 63. Bd7 Kxd7 64. Kxg7 Ne6+ 65. Kf6 Nxg5 1/2-1/2

[Event "CAN-ch"]
[Site "Montreal"]
[Date "2017.06.30"]
[Round "7"]
[White "Clyde, Jordan"]
[Black "Sambuev, Bator"]
[Result "0-1"]
[WhiteElo "2121"]
[BlackElo "2513"]
[PlyCount "100"]
[EventDate "2017.06.27"]
[EventType "swiss"]
[EventRounds "9"]
[EventCountry "CAN"]
[SourceTitle "CBM 179 Extra"]
[Source "ChessBase"]
[SourceDate "2017.08.23"]
[SourceVersion "1"]
[SourceVersionDate "2017.08.23"]
[SourceQuality "1"]

1. e4 d5 2. exd5 Qxd5 3. Nc3 Qa5 4. Qf3 Nf6 5. d4 c6 6. h3 Nbd7 7. Bd2 e5 8. 0-0-0 exd4 9. Re1+ Kd8 10. Nb1 Qxa2 11. Qg3 Nc5 12. Qh4 Qd5 13. Nf3 Nce4 14. Bc4 Qxc4 15. Rxe4 c5 16. Nxd4 Qa6 17. Nf3 Be7 18. Rd1 Ke8 19. Re5 Be6 20. Ng5 Nd7 21. Re4 Nf8 22. Rde1 Rd8 23. f4 Rd5 24. Bc3 Ng6 25. Qg3 Bf5 26. Nxf7 Bxe4 27. Nxh8 Qd6 28. Nd2 Bf5 29. Nxg6 hxg6 30. Qh4 Kf7 31. Qh8 Bf8 32. Be5 Qa6 33. Bxg7 Qa1+ 34. Nb1 Rd1+ 35. Rxd1 Bxg7 36. Qd8 Qxb2+ 37. Kd2 Qxc2+ 38. Ke1 Qe4+ 39. Kf1 Qxf4+ 40. Kg1 Bd4+ 41. Kh1 Be5 42. Qd5+ Kg7 43. Kg1 Be4 44. Qd7+ Kh6 45. Qg4 Bd4+ 46. Kh1 Qxg4 47. hxg4 g5 48. Nd2 Bd5 49. Nf3 Bxf3 50. gxf3 a5 0-1

[Event "Montreal Pere Noel"]
[Site "Montreal"]
[Date "2011.12.28"]
[Round "3"]
[White "Zhu, Hong Rui"]
[Black "Clyde, Jordan"]
[Result "1/2-1/2"]
[WhiteElo "2114"]
[BlackElo "2026"]
[PlyCount "64"]
[EventDate "2011.12.26"]
[EventType "swiss"]
[EventRounds "5"]
[EventCountry "CAN"]
[SourceTitle "EXT 2022"]
[Source "ChessBase"]
[SourceDate "2021.10.06"]
[SourceVersion "1"]
[SourceVersionDate "2021.10.06"]
[SourceQuality "1"]

1. e4 Nf6 2. e5 Nd5 3. c4 Nb6 4. d4 d6 5. exd6 exd6 6. Nc3 Nc6 7. Be3 Bf5 8. Nf3 Be7 9. Be2 Bf6 10. Rc1 0-0 11. 0-0 d5 12. c5 Nc8 13. a3 N8e7 14. b4 a6 15. Qb3 Bg4 16. Rcd1 Nf5 17. Qxd5 Bxf3 18. Qxf5 Bxe2 19. Nxe2 Ne7 20. Qf3 Qd5 21. Qg3 Nf5 22. Qxc7 Rfe8 23. Rd3 Rad8 24. Rfd1 g5 25. Nc3 Qc4 26. Qxb7 Nxd4 27. Bxd4 Qxd3 28. g3 Qc4 29. Ne4 Bxd4 30. Nd6 Bxf2+ 31. Kg2 Qa2 32. Rd2 Qxd2 1/2-1/2

[Event "Quebec-ch Elite"]
[Site "Montreal"]
[Date "2010.10.11"]
[Round "7"]
[White "Bouchard, Jean Marc"]
[Black "Clyde, Jordan"]
[Result "0-1"]
[WhiteElo "1857"]
[BlackElo "2007"]
[PlyCount "47"]
[EventDate "2010.10.08"]
[EventType "swiss"]
[EventRounds "7"]
[EventCountry "CAN"]
[SourceTitle "EXT 2013"]
[Source "ChessBase"]
[SourceDate "2012.11.22"]
[SourceVersion "1"]
[SourceVersionDate "2012.11.22"]
[SourceQuality "1"]

1. e4 Nf6 2. e5 Nd5 3. c4 Nb6 4. d4 d6 5. f4 g6 6. exd6 exd6 7. Bd3 Nc6 8. Qe2+ Qe7 9. Qxe7+ Bxe7 10. Be3 Bf6 11. Nf3 Bg4 12. Nbd2 Nb4 13. Be4 Bxf3 14. gxf3 d5 15. a3 dxe4 16. axb4 exf3 17. Kf2 a6 18. b3 Rd8 19. Nxf3 Be7 20. Bd2 Nc8 21. Bc3 Bf6 22. Rae1+ Kf8 23. Re3 Nd6 24. d5 0-1

[Event "Quebec-ch Elite"]
[Site "Montreal"]
[Date "2010.10.11"]
[Round "6"]
[White "Clyde, Jordan"]
[Black "Villeneuve, Robert"]
[Result "1/2-1/2"]
[WhiteElo "2007"]
[BlackElo "1879"]
[PlyCount "54"]
[EventDate "2010.10.08"]
[EventType "swiss"]
[EventRounds "7"]
[EventCountry "CAN"]
[SourceTitle "EXT 2013"]
[Source "ChessBase"]
[SourceDate "2012.11.22"]
[SourceVersion "1"]
[SourceVersionDate "2012.11.22"]
[SourceQuality "1"]

1. Nf3 g6 2. e4 c5 3. Na3 Bg7 4. c3 Nf6 5. Qa4 0-0 6. e5 Ne8 7. Bb5 Nc7 8. 0-0 Nxb5 9. Nxb5 a6 10. Na3 d6 11. d4 Bd7 12. Qb3 dxe5 13. dxe5 Bc6 14. c4 Bxf3 15. Qxf3 Nc6 16. e6 fxe6 17. Qe4 e5 18. Bg5 Qd4 19. Qd5+ Kh8 20. Rad1 Qg4 21. Be3 Rad8 22. f3 Rxd5 23. fxg4 Rxd1 24. Rxd1 Nd4 25. Rd2 Kg8 26. Nb1 Bf6 27. Nc3 Rc8 1/2-1/2